Vũ khí kinh doanh trong tay bạn : tiếp thị

Bộ sách " Vũ khí kinh doanh trong tay bạn" gồm bốn quyển: tiếp thị, khéo nói, chiến thuật, đàm phán giới thiệu những câu chuyện thực tiễn, sinh động, mô tả các chiêu thức"uốn ba tấc lưỡi" của người làm kinh doanh. Trong cuô...

Ausführliche Beschreibung

Gespeichert in:
Bibliographische Detailangaben
1. Verfasser: Việt Thư
Format: Buch
Sprache:Undetermined
Veröffentlicht: Hà Nội Thống kê 2006
Schlagworte:
Tags: Tag hinzufügen
Keine Tags, Fügen Sie den ersten Tag hinzu!
Thư viện lưu trữ: Trung tâm Học liệu Trường Đại học Cần Thơ
LEADER 01057nam a2200229Ia 4500
001 CTU_106880
008 210402s9999 xx 000 0 und d
020 |c 12000 
082 |a 658.8 
082 |b V308 
100 |a Việt Thư 
245 0 |a Vũ khí kinh doanh trong tay bạn : 
245 0 |b tiếp thị 
245 0 |c Việt Thư 
260 |a Hà Nội 
260 |b Thống kê 
260 |c 2006 
520 |a Bộ sách " Vũ khí kinh doanh trong tay bạn" gồm bốn quyển: tiếp thị, khéo nói, chiến thuật, đàm phán giới thiệu những câu chuyện thực tiễn, sinh động, mô tả các chiêu thức"uốn ba tấc lưỡi" của người làm kinh doanh. Trong cuốn "tiếp thị" giới thiệu những bí quyết và nghệ thuật trong nghệ thuật tiếp thị trong kinh doanh. 
650 |a Marketing 
650 |x Management 
904 |i Năm 
980 |a Trung tâm Học liệu Trường Đại học Cần Thơ